Представление документа в формате RUSMARC

Поле Инд. ПП Название Значение
Тип записи a
Библиографический уровень a
001 Контрольный номер c68359af6c484342baf35d186c4e6522
005 Дата корректировки 20181128152846.0
100 a Данные общей обработки 20181128 ||| 0rusy0189 ca
101 0_ a Язык текста rus
102 a Страна публикации RU
200 1_ f Первые сведения об ответственности Е.С. Смагина
a Заглавие Создание апелляционных судов общей юрисдикции: соотношение судоустройственных и судопроизводственных новелл
b Общее обозначение материала Текст
210 1_ d Дата издания 2017
461 _0 1 2000
a Арбитражный и гражданский процесс
463 _0 1 2000
a № 10
v С. 43-47
1 2101
d 2017
1 00184ce46371e4e45c0966f990f93309dfc
606 a Основная рубрика Гражданское процессуальное право
610 0_ a Ключевые слова СУДЕБНАЯ РЕФОРМА
a Ключевые слова СУД ОБЩЕЙ ЮРИСДИКЦИИ
a Ключевые слова СУДОПРОИЗВОДСТВО
a Ключевые слова АПЕЛЛЯЦИОННОЕ ПРОИЗВОДСТВО
a Ключевые слова ЗАКОНОПРОЕКТ
700 _1 a Фамилия Смагина
b Имя Е.С.
801 _0 a Страна RU
b Организация РГУП
c Дата составления 20181128
g Правила каталогизации PSBO
801 _1 a Страна RU
b Организация РГУП
c Дата составления 20181128
g Правила каталогизации PSBO
901 t Тип документа b
w Контрольный № источника 84ce46371e4e45c0966f990f93309dfc
905 a Дата ввода 20181128